Biochemistry (Record no. 640)

MARC details
000 -LEADER
fixed length control field 00995pam a2200301 a 4500
001 - CONTROL NUMBER
control field 2996528
003 - CONTROL NUMBER IDENTIFIER
control field OSt
005 - DATE AND TIME OF LATEST TRANSACTION
control field 20191011102312.0
008 - FIXED-LENGTH DATA ELEMENTS--GENERAL INFORMATION
fixed length control field 930129s1994 paua b 001 0 eng c
010 ## - LIBRARY OF CONGRESS CONTROL NUMBER
LC control number 93020237
020 ## - INTERNATIONAL STANDARD BOOK NUMBER
International Standard Book Number 9780683062052
020 ## - INTERNATIONAL STANDARD BOOK NUMBER
International Standard Book Number 0683062050
040 ## - CATALOGING SOURCE
Original cataloging agency DNLM/DLC
Transcribing agency DLC
Modifying agency DLC
050 00 - LIBRARY OF CONGRESS CALL NUMBER
Classification number QP518.3
Item number .D38 1994
060 ## - NATIONAL LIBRARY OF MEDICINE CALL NUMBER
Classification number QU 18 D253b 1993
082 00 - DEWEY DECIMAL CLASSIFICATION NUMBER
Classification number QU 18 D285b 1993
Edition number 20
100 1# - MAIN ENTRY--PERSONAL NAME
Personal name Davidson, Victor L.Donald B. Sittman.
9 (RLIN) 1682
245 10 - TITLE STATEMENT
Title Biochemistry
250 ## - EDITION STATEMENT
Edition statement 3rd ed.
260 ## - PUBLICATION, DISTRIBUTION, ETC. (IMPRINT)
Place of publication, distribution, etc. Philadelphia :
Name of publisher, distributor, etc. Harwal Pub.,
Date of publication, distribution, etc. c1994.
300 ## - PHYSICAL DESCRIPTION
Extent xv, 584 p. :
Other physical details ill. ;
Dimensions 26 cm.
440 #4 - SERIES STATEMENT/ADDED ENTRY--TITLE
Title The National medical series for independent study
9 (RLIN) 1246
504 ## - BIBLIOGRAPHY, ETC. NOTE
Bibliography, etc Includes bibliographical references and index.
650 #0 - SUBJECT ADDED ENTRY--TOPICAL TERM
Topical term or geographic name as entry element Biochemistry MCQs
9 (RLIN) 1683
906 ## - LOCAL DATA ELEMENT F, LDF (RLIN)
a 7
b cbc
c orignew
d 1
e ocip
f 19
g y-gencatlg
942 ## - ADDED ENTRY ELEMENTS (KOHA)
Source of classification or shelving scheme Other/Generic Classification Scheme
Koha item type Short Loan
Holdings
Withdrawn status Lost status Source of classification or shelving scheme Damaged status Not for loan Home library Current library Date acquired Source of acquisition Inventory number Total Checkouts Full call number Barcode Date last seen Koha item type Date last checked out Public note
    Other/Generic Classification Scheme     MUST Main Library MUST Main Library 30/10/2014 Donation 01/15412   QU18 D285b 1993 2014-3195 30/10/2014 Short Loan    
    Other/Generic Classification Scheme     MUST Main Library MUST Main Library 11/10/2019 Donation 01/15413 2 QU 18 D285b 1993 2019-0524 22/05/2021 Open Shelf 08/05/2021 No borrowing